00696 2200229 4500001002100000005001700021008004100038020002400079035002400103082001200127090001700139100002300156245012900179250001000308260003100318300001900349504001400368650002400382990002000406990002000426990002000446YOGYA-0411000000172520110420100243.0 ind  A979 - 963 - 755 - 4 0010-041100000001725 a495. 13 a495. 13bSem aSemita , Muryani J aKamus Mandarin Inggris - Mandarin - Indonesia : Panduan Pelajar / Peminat bahasa mandarin se hari - hari / Muryani J. Semita aCet 1 aJogjakartabGarailmuc2009 a339 hlmc20 cm aHlm . 339 aBahasa Cina - Kamus a51186 - PD/ B10 a51187 - PD/ B10 a51188 - PD/ B10